000 00439cam a22001575a 4500
001 J100950
008 000000s1930 xxk 000 0 eng u
035 _a(Sirsi) u100950
110 _aSurveyors' Institution
_93783
245 _aIrish Branch. Rules of examination to come into force after the examinations of 1931.
260 _c1930
300 _a6p.
651 4 _aUnited Kingdom
_y
690 _aBusiness and management
942 _n0
999 _c99945
_d99945